000 01154cam a2200313 a 4500
001 13645
003 BD-JhCC
005 20240313121053.0
008 030110r20042002nyuab b 001 0 eng
020 _a0465023282 (alk. paper)
035 _a(BD-JhCC)13645
040 _aDLC
_cDLC
_dDLC
041 _aenglish
050 0 0 _aDA16
_b.F47 2003
082 0 0 _a909.0971241
_221
_bFER 2004
100 1 _aFerguson, Niall.
245 1 0 _aEmpire :
_bHow British Made The Modern world /
_cNiall Ferguson.
260 _aNew York :
_bBasic Books,
_c2004.
300 _axxix, 351 p. :
_bill. (some col.), col. maps ;
_c26 cm.
504 _aIncludes bibliographical references (p. [377]-383) and index.
650 0 _aCivilization, Modern
_xBritish influences.
650 0 _aImperialism.
651 0 _aGreat Britain
_xColonies
_xHistory.
651 0 _aGreat Britain
_xForeign relations.
651 0 _aCommonwealth countries.
856 4 2 _3Contributor biographical information
_uhttp://www.loc.gov/catdir/enhancements/fy0832/2003041469-b.html
856 4 2 _3Publisher description
_uhttp://www.loc.gov/catdir/enhancements/fy0832/2003041469-d.html
942 _2ddc
_cBK
999 _c13645
_d13645